|
|
|
|
| LEADER |
03646nam a22003973i 4500 |
| 001 |
EBC6695169 |
| 003 |
MiAaPQ |
| 005 |
20231204023217.0 |
| 006 |
m o d | |
| 007 |
cr cnu|||||||| |
| 008 |
231204s2015 xx o ||||0 ger d |
| 020 |
|
|
|a 9783839412312
|q (electronic bk.)
|
| 020 |
|
|
|z 9783837612318
|
| 035 |
|
|
|a (MiAaPQ)EBC6695169
|
| 035 |
|
|
|a (Au-PeEL)EBL6695169
|
| 035 |
|
|
|a (OCoLC)1110440679
|
| 040 |
|
|
|a MiAaPQ
|b eng
|e rda
|e pn
|c MiAaPQ
|d MiAaPQ
|
| 100 |
1 |
|
|a Steiner, Adrian.
|
| 245 |
1 |
0 |
|a System Beratung :
|b Politikberater zwischen Anspruch und Realität.
|
| 250 |
|
|
|a 1st ed.
|
| 264 |
|
1 |
|a Bielefeld :
|b transcript,
|c 2015.
|
| 264 |
|
4 |
|c {copy}2009.
|
| 300 |
|
|
|a 1 online resource (273 pages)
|
| 336 |
|
|
|a text
|b txt
|2 rdacontent
|
| 337 |
|
|
|a computer
|b c
|2 rdamedia
|
| 338 |
|
|
|a online resource
|b cr
|2 rdacarrier
|
| 490 |
1 |
|
|a Sozialtheorie
|
| 505 |
0 |
|
|a Cover -- Inhalt -- Einleitung -- Vorbemerkungen zur Semantik von Rat und Tat -- I. Rat und Tat in der Antike -- II. Christlich-theologische Semantik -- III. Rat und Tat im Übergang zur Moderne -- IV. Wissenschaftlich-disziplinäre Semantiken -- V. Die Leitdifferenz von Tat und Rat -- I. Teil: Entscheidung und Beratung -- 1. Die Paradoxie der Entscheidung -- I. Entscheidung und Beobachtung -- II. Exkurs: Die Kybernetik der Reflexion -- III. Die Welt der Entscheidung -- IV. Prämissen und Probleme des Entscheidens -- V. Der blinde Fleck des Entscheiders -- 2. Beratung als Kommunikation -- 2.1 Die Funktion der Beratung -- I. Der Berater als Beobachter des Entscheiders -- II. Beratung als Reflexionssteigerung -- III. Steigerung von Unsicherheit und Risiko -- IV. Konstruktion von Alternativen -- V. Funktion und Dysfunktionen der Beratung -- 2.2 Die Form der Beratung -- I. Die Form der Kommunikation -- II. Beratung als Ereignis und Prozess -- III. Strukturen der Beratung -- IV. Das Beratungssystem -- V. Medien der Beratung -- 3. Die Umwelt der Beratung -- I. Beratung und Gesellschaft -- II. Funktionssysteme als Beratungskontexturen -- III. Institutionelle und organisatorische Kontexte -- IV. Das Beratungssetting -- V. Beratung zwischen Autonomie und Determination -- II. Teil: Politik und Politikberatung -- 4. Das politische System als Kontextur -- I. Die Funktion des politischen Systems -- II. Exkurs: Die Ausdifferenzierung des Politischen -- III. Politische Macht -- IV. Die Struktur des politischen Systems -- V. Form und Formen der politischen Kommunikation -- 5. Funktion und Form der Politikberatung -- I. Die Funktion der Politikberatung -- II. Dysfunktionen politisierter Politikberatung -- III. Die Form der Politikberatung -- IV. Formen der Politikberatung -- V. Beratung in politischer Kommunikation.
|
| 505 |
8 |
|
|a 6. Public-Affairs-Beratung: Idealtypus und Realität -- I. Erkenntnisinteresse und Studie -- II. Beratung als Begriff -- III. Funktionen und Dysfunktionen der Public-Affairs-Beratung -- IV. Formen der Public-Affairs-Beratung -- V. Public-Affairs-Beratung: Idealtypus und Realität -- Zusammenfassung und Ausblick -- Literatur.
|
| 588 |
|
|
|a Description based on publisher supplied metadata and other sources.
|
| 590 |
|
|
|a Electronic reproduction. Ann Arbor, Michigan : ProQuest Ebook Central, 2023. Available via World Wide Web. Access may be limited to ProQuest Ebook Central affiliated libraries.
|
| 655 |
|
4 |
|a Electronic books.
|
| 776 |
0 |
8 |
|i Print version:
|a Steiner, Adrian
|t System Beratung
|d Bielefeld : transcript,c2015
|z 9783837612318
|
| 797 |
2 |
|
|a ProQuest (Firm)
|
| 830 |
|
0 |
|a Sozialtheorie
|
| 856 |
4 |
0 |
|u https://ebookcentral.proquest.com/lib/matrademy/detail.action?docID=6695169
|z Click to View
|